Numéros 1 du Top 50 - Années 1970 - Statistiques

Statistiques générales
  • Ce quiz a été pris 69 fois
  • Le résultat moyen est 30 sur 64
Statistiques - réponses
#1's Interprète % Correct
3 Claude François
98%
7 Michel Sardou
96%
1 Frédéric François
94%
1 Francis Cabrel
92%
1 Johnny Hallyday et Sylvie Vartan
92%
2 Joe Dassin
89%
6 Johnny Hallyday
89%
1 ABBA
85%
1 Marie Myriam
83%
1 Sheila
83%
1 Sheila et Ringo
83%
1 Village People
83%
1 Dave
81%
6 Mike Brant
81%
3 Boney M.
79%
1 Laurent Voulzy
79%
1 Patrick Hernandez
79%
1 Annie Cordy
77%
1 Christophe
77%
2 Michel Delpech
75%
1 Daniel Guichard
74%
2 Stone et Charden
74%
1 Nicoletta
68%
1 John Travolta et Olivia Newton-John
58%
1 C. Jérôme
55%
3 Poppys
53%
1 Sylvie Vartan
53%
2 Gérard Lenorman
51%
1 Jeanette
47%
1 The Buggles
47%
1 Dalida
43%
1 Umberto Tozzi
43%
1 Gilbert Montagné
42%
1 Bonnie Tyler
38%
1 Cat Stevens
38%
1 Jeane Manson
36%
1 Joan Baez
34%
1 Nicolas Peyrac
32%
1 Jean-François Michael
30%
1 Mungo Jerry
28%
1 Alain Barrière et Noëlle Cordier
26%
1 Enrico Macias
23%
1 George Harrison
23%
1 Noam
23%
1 The Rubettes
23%
2 Ringo
21%
1 Amii Stewart
19%
1 Anita Ward
19%
1 Aphrodite's Child
17%
1 Eruption
15%
1 La Bande à Basile
15%
1 Santa Esmeralda
15%
2 Demis Roussos
13%
1 Jean-Claude Borelly
11%
1 Les Supporters
9%
1 Vicky Leandros
9%
1 Brotherhood of Man
8%
1 Hot Butter
8%
1 Rare Bird
8%
2 Roméo
8%
1 Chocolat's
6%
1 Marc Hamilton
6%
1 Adriano Celentano
4%
1 Christian Vidal
4%
Aucun quiz correspondant
Distribution des résultats
% des personnes avec chaque résultat
Percentile par nombre de réponses
Votre historique - résultats
Vous n’avez pas pris ce quiz